000 00432nam a2200181Ia 4500
005 20231122094544.0
008 131103s9999 xx 000 0 und d
040 _aLoreto College
041 _aEnglish
082 _aF
_bWAU
100 _aWaugh,Hillary
245 _aRoad Block
_cHillary Waugh
260 _aLondon
_bPan Books Ltd.
_c1960
300 _a154 p.
650 _aFiction in English
850 _aLCLIB
942 _cBK
999 _c14351
_d64830